000 00491nam a2200169Ia 4500
999 _c16338
_d16338
003 OSt
005 20200606115911.0
008 190216s9999||||xx |||||||||||||| ||und||
040 _cMESKC library
082 _a323
_bGAL/A
100 _aGalwa, Hanuman
_9250
245 0 _aAam Admi Aur Suchna Ka Adhikar /
_cHanuman Galwa
260 _bRajasthani Sahitya Sansathan,
_aJodhpur:
_c2003.
300 _a184p
650 _aHindi
942 _cBK
_2ddc
_h323
_iGAL/A
_k323
_mGAL/A